Practical Nursing Procedures (Record no. 157476)

MARC details
000 -LEADER
fixed length control field 00350nam a2200133Ia 4500
008 - FIXED-LENGTH DATA ELEMENTS--GENERAL INFORMATION
fixed length control field 230411s9999 xx 000 0 und d
041 ## - LANGUAGE CODE
Language code of text/sound track or separate title eng
082 ## - DEWEY DECIMAL CLASSIFICATION NUMBER
Classification number F/610.7302/GUP/B07344
100 ## - MAIN ENTRY--PERSONAL NAME
Personal name Gupta L C
9 (RLIN) 176314
245 ## - TITLE STATEMENT
Title Practical Nursing Procedures
260 ## - PUBLICATION, DISTRIBUTION, ETC. (IMPRINT)
Name of publisher, distributor, etc. Jaypee Brothers
Place of publication, distribution, etc. New Delhi
Date of publication, distribution, etc. 2007
300 ## - PHYSICAL DESCRIPTION
Extent 552p
Holdings
Withdrawn status Lost status Damaged status Not for loan Collection code Home library Current library Date acquired Vendor Cost, normal purchase price Bill number Shelving control number Full call number Barcode Date last seen Cost, replacement price Bill Date Koha item type Original Barcode
      Reference   Smt. Bakul Tambat Institute of Nursing Education Smt. Bakul Tambat Institute of Nursing Education 31/12/2012 Jaypee Brothers Medical Publishers 325.00 4075 2 F 610.7302 GUP B07344 BTIN-BK-7344 11/04/2023 237.00 31/12/2012 Books B07344